Analýza a reprezentovanie riedkych grafov

Uložené v:
Podrobná bibliografia
Hlavný autor: Fábry, Adam (Autor)
Ďalší autori: Nehéz, Martin (Vedúci práce)
Médium: Rukopis Kniha
Jazyk:Slovak
Vydavateľské údaje: 2019
Predmet:
On-line prístup:http://is.stuba.sk/zp/portal_zp.pl?podrobnosti=134762
Tagy: Pridať tag
Žiadne tagy, Buďte prvý, kto otaguje tento záznam!

MARC

LEADER 00000ntm a22000003a 4500
001 stuzp75115
003 SK-STU
005 20211102080626.3
007 ta
008 150427s2015----xo-----f-mn---000-0-slo-d
040 |a STU  |b slo 
041 0 |a slo 
100 1 |a Fábry, Adam  |u 070200  |4 aut  |U FIIT Fakulta informatiky a informačných technológií  |T FIIT Ústav informatiky, informačných systémov a softvérového inžinierstva  |X 85817  |U I200  |Y 179  |7 85817 
242 0 1 |a Analysis and representation of thin graphs  |y eng 
245 1 0 |a Analýza a reprezentovanie riedkych grafov 
260 |c 2019 
650 4 |a grafy  |2 slo 
650 4 |a reprezentovanie grafov  |2 slo 
650 4 |a riedke grafy  |2 slo 
650 4 |a graphs  |2 eng 
650 4 |a representation of graphs  |2 eng 
650 4 |a thin graphs  |2 eng 
700 1 |a Nehéz, Martin  |u 047270  |k Z1  |4 ths  |U FCHPT Ústav informatizácie, automatizácie a matematiky  |T FCHPT Oddelenie matematiky  |X 38260  |U C7270  |Y 122  |7 A0000038260 
856 4 |u http://is.stuba.sk/zp/portal_zp.pl?podrobnosti=134762 
996 |c I*BAP140/19  |l II680  |s P  |a 0  |w stuzp75115_0001